000 00380nam a22001337a 4500
020 _a0 273 42851 9
082 _a651.4076 GOS
100 _aGosling, Kathleen
245 _aThe clerical training office: A basic course in office skills and procedures
260 _aNew York
_bPitman publishing
_c1971
300 _aviii, 119p.
_bill., 18cm
650 _aStock control
942 _cBK
999 _c18302
_d18302